Normal view
MARC view
- Max Muller
Entry Personal Name
001 - CONTROL NUMBER
- control field: 9283
003 - CONTROL NUMBER IDENTIFIER
- control field: NUST
005 - DATE AND TIME OF LATEST TRANSACTION
- control field: 20180120153649.0
008 - FIXED-LENGTH DATA ELEMENTS
- fixed length control field: 180120|| aca||aabn | a|a d
040 ## - CATALOGING SOURCE
- Original cataloging agency: NUST
- Transcribing agency: NUST
100 ## - HEADING--PERSONAL NAME
- Personal name: Max Muller
670 ## - SOURCE DATA FOUND
- Source citation: Work cat.: (NUST)323080: Max Muller, Essentials of Inventory Management, 2/e, 2011
